Oeuvres où apparaissent des fantômes - Statistiques

Statistiques générales
  • Ce quiz a été pris 41 fois
  • Le résultat moyen est 9 sur 20
Statistiques - réponses
Description Oeuvre % Correct
Sir Nicholas, la Dame Grise ou encore le BaronSanglant hantent Poudlard Harry Potter
100%
"Le gentil fantôme", qui hante un manoir, et estpersécuté par 3 méchants fantômes, dont un vert et énorme Casper
89%
Les ennemis de ce cultissime jeu d'arcade sontdes fantômes qui tentent de tuer le héros, qui lui peut les avaler Pac-Man
87%
Un homme assassiné hante son ancien appartementpour protéger sa fiancée Ghost
84%
Les Boo sont des ennemis récurrents du pluscélèbre des plombiers moustachus Mario
84%
Les plus célèbres chasseurs de fantômes, auvolant de leur Ecto-1 SOS Fantômes
79%
Une série de jeux vidéo où le frère de Marios'improvise chasseurs de fantômes Luigi's Mansion
68%
Spectrum, Brocélôme ou encore Noctunoir, autant de types Spectre à l'allure fantomatique Pokémon
58%
Le héros de ce film d'animation a un petit chienfantôme, et le grand vilain est un fantôme vert rapiécé, qui sème la terreur à Halloween L'Etrange Noel de Monsieur Jack
53%
Un psychiatre rencontre un jeune garçon qui ditpouvoir voir et entendre les fantômes Sixième Sens
53%
Le père (royal) du héros de cette pièce de théâtre luiapparaît afin de lui révéler l'identité de son assassin Hamlet
42%
Spectral était enfermé dans l'Omnitrix jusqu'à ce qu'il s'en libère et devienne un ennemi Ben 10
34%
L'héroine, qui tient une boutique d'antiquités, a héritéde sa grand-mère le don de communiquer avec les esprits Ghost Whisperer
32%
Conte très populaire aux Etats-Unis, où un vieilhomme reçoit la visite de 3 esprits de Noel, celui du passé, du présent et du futur Un chant de Noel
26%
Bémol et Dièse sont des fantômes de musiciensapparaissant notamment dans l'opus de ce jeu vidéo reconnu comme le meilleur de tous les temps The Legend of Zelda
18%
Les Phantasm sont l'équivalent de fantômesdans cette série, et sont capables de posséder n'importe quel être vivant Charmed
13%
Le fils de deux chasseurs de fantômes obtient despouvoirs fantomatiques une fois exposé à l'énergie d'un portail qui mène vers le monde des fantômes Danny Fantôme
5%
Le héros a la faculté de fusionner avec les fantômespour obtenir leurs pouvoirs, et a pour objectif d'obtenir le Great Spirit, le fantôme ultime Shaman King
5%
Ils sont nommée Fantômes ou Esprits et viennentdes limbes. Les deux héros doivent d'ailleurs résoudre l'affaire du Mal des Fantômes dans un épisode Supernatural
3%
Une écrivaine hantée par le fantôme de sa mèretombe amoureuse d'un américain louche Crimson Peak
0%
Aucun quiz correspondant
Distribution des résultats
% des personnes avec chaque résultat
Percentile par nombre de réponses
Votre historique - résultats
Vous n’avez pas pris ce quiz